Normal view
MARC view
- American institute of steel construction, Inc
Entry Corporate Name
001 - CONTROL NUMBER
- control field: 43132
003 - CONTROL NUMBER IDENTIFIER
- control field: NUST
005 - DATE AND TIME OF LATEST TRANSACTION
- control field: 20210314132534.0
008 - FIXED-LENGTH DATA ELEMENTS
- fixed length control field: 210314|| aca||aabn | a|a d
040 ## - CATALOGING SOURCE
- Original cataloging agency: NUST
- Transcribing agency: NUST
110 ## - HEADING--CORPORATE NAME
- Corporate name or jurisdiction name as entry element: American institute of steel construction, Inc
670 ## - SOURCE DATA FOUND
- Source citation: Work cat.: (NUST): American institute of steel construction, Inc., Specifications for structural joints using ASTM A325 or A 490 Bolts /, 1985.
